| 000 | 00000nam 2200000za 4500 |
| 001 | 9.838008 |
| 003 | CaOODSP |
| 005 | 20250403105931 |
| 007 | cr ||||||||||| |
| 008 | 170608s2017 oncd os f000 0 fre d |
| 040 | |aCaOODSP|bfre |
| 043 | |an-cn--- |
| 086 | 1 |aCS95-640/13-2016F-PDF |
| 245 | 02|aL’efficacité de la production et les prix dictent les tendances relatives au bétail |h[ressource électronique]. |
| 260 | |a[Ottawa] : |bStatistique Canada, |c2017. |
| 300 | |a13 p. : |bgraph. en coul. |
| 490 | 0 |a[Données sur les exploitations et les exploitants agricoles] |
| 500 | |aPubl. aussi en anglais sous le titre : Production efficiency and prices drive trends in livestock. |
| 500 | |aTitre de la couv. |
| 500 | |a« Date de diffusion : le 24 mai 2017. » |
| 520 | |a« La fluctuation de la demande et des prix, conjuguée à une meilleure efficacité de la production, continue de façonner le secteur de l’élevage en 2016. Cet article présente une brève analyse des résultats du Recensement de l'agriculture de 2016 »--Fournis par l'éditeur. |
| 692 | 07|2gccst|aÉlevage |
| 692 | 07|2gccst|aBétail |
| 692 | 07|2gccst|aStatistiques |
| 710 | 2 |aStatistique Canada. |
| 775 | 08|tProduction efficiency and prices drive trends in livestock |w(CaOODSP)9.838007 |
| 856 | 40|qPDF|s527 Ko|uhttps://publications.gc.ca/collections/collection_2017/statcan/95-640-x/14812-fra.pdf |
| 986 | |a95-640-X |